000 00470nam a2200181Ia 4500
003 GCL
008 140319s9999 xx 000 0 ara d
040 _aGCL /
_cGCL
082 0 4 _a332.15
_bب ب
245 1 0 _aالبنك الدولى: دراسة نقدية
300 _a378 ص
490 _a
650 0 4 _aالاقتصاد
650 0 4 _aالتمويل الدولى
650 0 4 _aالبنوك الدولية
650 0 4 _aالبنك الدولى
942 _2ddc
_cBK
999 _c38072
_d38072